000 00659nam a2200277Ia 4500
005 20260324112442.0
008 008 260324s9999 xx 000 0 eng d
020 _a9781003536253
037 _aEBOOK
040 _aCRL
040 _beng
040 _cCRL
041 _2eng
041 _aeng
084 _qCRL
100 _aJulia Kukard
_91142753
245 4 _aThe Art and Joy of Stuckness for Coaches and their Clients
260 _bTaylor and Francis
260 _c2024
365 _a
365 _b205
856 _uhttp://www.taylorfrancis.com/books/9781003536253
942 _cEBOOK
999 _c1731969
_d1731969